1292 1281 1395 1038 1180 1925 1006 1266 1295 1307 1432 1805 1755 1740 1255 1338 1235 1524 1972 1270 1098 1331 1448 1492 1755 1181 1804 1262 1004 1782 1454 1806 1738 1319 1893 1861 1784 1095 1790 1976 1387 1731 1143 1749 1995 1406 1650 1138 1543 1097 1046 1426 1150 1062 1109 1485 1194 1687 1209 1485 1967 1653 1103 1003 1248 1081 1058 1125 1029 1149 1226 1635 1850 1759 1758 1262 1134 1340 1706 1885 1444 1248 1475 1712 1562 1643 1495 1209 1599 1404 1211 1080 1581 1585 1764 1239 1436 1711 1862 BCNSPRNW ULIB Ver.6.0+V

เปลี่ยนเป็นภาษาไทย

Change to English
 แสดงรายละเอียดบรรณานุกรม
  กลับหน้าหลัก

Brief Record : Get Marc (ISO 2709) : E-mail record : QR code < ปิดหน้าต่าง
LEADER : 00000nam 2200000uu 4500
001    13399121743
003     ULIB
008    121204s2548||||th 000 0 tha d
020    ^a9742974608
060 04 ^aWC100^bป141ค
245 00 ^aคู่มือการปฏิบัติงานโรคไข้หวัดนก :^bสำหรับบุคลากรด้านการแพทย์และสาธารณสุข / ^cคณะกรรมการป้องกันและควบคุมโรคไข้หวัดนก กระทรวงสาธารณสุข ; [กองบรรณาธิการ, ดาริกา กิ่งเนตร ... [และคนอื่นๆ]]
250    ^aพิมพ์ครั้งที่ 1
260    ^aนนทบุรี :^bคณะกรรมการป้องกันและควบคุมโรคไข้หวัดนก,^c2548
300    ^a160 หน้า :^bภาพประกอบ ;^c30 ซม.
650  7 ^aไข้หวัดนก^xการป้องกันและควบคุม^vคู่มือ
650  7 ^aไข้หวัดนก^xการป้องกันและควบคุม^xมาตรฐาน
650  7 ^aโรคเกิดจากไวรัส^xการป้องกันและควบคุม^vคู่มือ
700 0  ^aดาริกา กิ่งเนตร,^eบรรณาธิการ
710 2  ^aกรมควบคุมโรค. ^bสำนักโรคติดต่อทั่วไป
710 2  ^aคณะกรรมการป้องกันและควบคุมโรคไข้หวัดนก
945    ^p0^l0^i24344
995    ^aทศพร
999    ^aทศพร
รายการนี้ยังไม่มีแท็ก
คุณยังไม่ได้ล็อกอิน คุณสามารถมีกิจกรรมร่วมกับเว็บไซต์ได้ แต่ต้องล็อกอินก่อน ::
  ล็อกอิน

รายการสื่อสารสนเทศ

ลำดับที่ ประเภท เลขเรียก/บาร์โค้ด สถานที่ สถานะ
1. วิทยาศาสตร์การแพทย์ และสุขภาพ
วิทยาศาสตร์การแพทย์ และสุขภาพ
WC100 ป141ค ฉ.1 
  Barcode: 24344
ห้องสมุดวิทยาเขตสวรรค์ประชารักษ์
►หนังสือทั่วไป
บนชั้น

BibComment


ยังไม่เคยถูกคอมเมนท์

คอมเมนท์ทรัพยากรรายการนี้
  คอมเมนท์: คู่มือการปฏิบัติ..


 Copyright 2026. Bcnsprnw @Library